000 00615nam a2200205Ii 4500
003 JO-AjNU
008 230606s9999||||xx |||||||||||||| ||und||
020 _a978-0-19-967959-1
040 _aJO-AjNU
_beng
_erda
_cJO-AjNU
041 _aeng
050 1 4 _aQA5.C53 2014
100 3 _aCLAPHAM, CHRISTOPHER /JAMES NICHOLSON,
_eauthor
_96276
245 0 4 _aThe concise Oxford Dictionary of Mathematics
250 _a5th ed
264 3 1 _aNew york: OXFORD ,2014
336 _atext
_btxt
_2rdacontent
337 _aunmediated
_bn
_2rdamedia
338 _avolume
_bnc
_2rdacarrier
650 4 _amathematics-Dictionary
_96277
999 _aE3256
_c3252
_d3252